000 00980nam a2200265 i 4500
001 16430
003 ES-MaACL
005 20250907063033.0
007 t|
008 000920s1977 sp |||| | spa d
020 _a84-235-0065-9
080 _a946.51(0:84)
080 _a84.09
100 1 _aElizalde, Ignacio,
_d1913-
_947009
245 1 0 _aNavarra en las literaturas románicas
_b: (española, francesa, italiana y portuguesa) /
_cIgnacio Elizalde.
260 _aNavarra :
_bInstitución Príncipe de Viana,
_c[1977]
300 _a3 v. :
_bil. ;
_c24 cm.
504 _aBibliografía.
505 8 _aContiene: I. Edad Media - II. Renacimiento y barroco (siglos XV, XVI y XVII - III. Siglos XVIII, XIX y XX
650 1 4 _aLiteratura románica-
_xHistoria y crítica.
_914662
651 4 _aNavarra (Comunidad Autónoma)-
_xEn la literatura.
_9168443
710 2 _aInstitución Príncipe de Viana
_94730
852 _aES-MaACL
_jG-2183-85
999 _c16430
_d16430